[Event "Aragon-chT Preferente-B"]
[Site "Spain"]
[Date "2011.02.12"]
[Round "2.1"]
[White "Gomez Luesia, Jesus C"]
[Black "Cifuentes Parada, Roberto"]
[Result "0-1"]
[WhiteElo "2164"]
[BlackElo "2508"]
[PlyCount "54"]
[EventDate "2011.02.05"]
[EventType "team-tourn"]
[EventRounds "9"]
[EventCountry "ESP"]
[SourceTitle "EXT 2013"]
[Source "ChessBase"]
[SourceDate "2012.11.22"]
[SourceVersion "1"]
[SourceVersionDate "2012.11.22"]
[SourceQuality "1"]
[WhiteTeam "Agrupacion II"]
[BlackTeam "Casino Jaque"]
[WhiteTeamCountry "ESP"]
[BlackTeamCountry "ESP"]

1. d4 d5 2. c4 c6 3. Nf3 Nf6 4. Nc3 e6 5. e3 Nbd7 6. Qc2 Bd6 7. g4 h6 8. h3 Qe7 9. Bd2 e5 10. cxd5 Nxd5 11. 0-0-0 Nxc3 12. Bxc3 e4 13. Nd2 Nf6 14. Bg2 Be6 15. Bxe4 Bxa2 16. Bd3 Nd5 17. Qa4 Nxc3 18. bxc3 Be6 19. Ne4 0-0 20. Rdg1 Bd5 21. f3 b5 22. Qc2 Ba3+ 23. Kd2 Rae8 24. g5 hxg5 25. Rxg5 f5 26. Rhg1 Rf7 27. Nf6+ Qxf6 0-1

[Event "Aragon-chT Honor I"]
[Site "Spain"]
[Date "2011.02.05"]
[Round "1.11"]
[White "Gomez Luesia, Jesus C"]
[Black "Vera Jimenez, Andres"]
[Result "1/2-1/2"]
[WhiteElo "2164"]
[BlackElo "2006"]
[PlyCount "126"]
[EventDate "2011.02.05"]
[EventType "team-tourn"]
[EventRounds "7"]
[EventCountry "ESP"]
[SourceTitle "EXT 2013"]
[Source "ChessBase"]
[SourceDate "2012.11.22"]
[SourceVersion "1"]
[SourceVersionDate "2012.11.22"]
[SourceQuality "1"]
[WhiteTeam "Agrupacion"]
[BlackTeam "Tauste"]
[WhiteTeamCountry "ESP"]
[BlackTeamCountry "ESP"]

1. d4 Nf6 2. Nf3 g6 3. g3 Bg7 4. Bg2 d6 5. 0-0 0-0 6. c4 Na6 7. Re1 c5 8. Nc3 cxd4 9. Nxd4 Nc5 10. Rb1 a6 11. b4 Ne6 12. Nc2 Ng4 13. Nd5 Ne5 14. Nce3 Rb8 15. Bb2 Nc7 16. Bd4 Nxd5 17. cxd5 b5 18. f4 Ng4 19. Nxg4 Bxd4+ 20. Qxd4 Bxg4 21. Rbc1 Qb6 22. Qxb6 Rxb6 23. Rc7 Rc8 24. Rxc8+ Bxc8 25. Rc1 Bg4 26. Kf2 Rb7 27. e4 Bd7 28. Rc3 Kf8 29. Ke3 Ke8 30. Bf1 Kd8 31. Ra3 Ra7 32. e5 Kc7 33. h4 Kb6 34. Bd3 Rc7 35. Kd2 Bg4 36. Ra5 Bc8 37. exd6 exd6 38. Ra3 Bb7 39. f5 Bxd5 40. fxg6 fxg6 41. Be2 Rf7 42. Rd3 Kc6 43. Rc3+ Kb6 44. Rd3 Rf5 45. a3 Re5 46. Bg4 Kc7 47. Bf3 Bc4 48. Rd4 Rf5 49. Ke3 Re5+ 50. Kd2 d5 51. Rf4 Kd6 52. Rf6+ Re6 53. Rf7 h5 54. Ra7 Ke5 55. Rf7 Kd4 56. Rf4+ Ke5 57. Rf8 Bf1 58. Bxd5 Kxd5 59. Rxf1 Kc4 60. Rf3 Rd6+ 61. Kc2 Re6 62. Rf4+ Kd5 63. Kd3 Rc6 1/2-1/2

[Event "Aragon-chT Autonomico"]
[Site "Aragon"]
[Date "2007.04.28"]
[Round "12"]
[White "Maza Broto, Pablo"]
[Black "Gomez Luesia, Jesus C"]
[Result "0-1"]
[WhiteElo "1981"]
[BlackElo "2181"]
[PlyCount "82"]
[EventDate "2007.01.27"]
[EventType "team"]
[EventRounds "9"]
[EventCountry "ESP"]
[SourceTitle "EXT 2008"]
[Source "ChessBase"]
[SourceDate "2007.11.25"]
[SourceVersion "1"]
[SourceVersionDate "2007.11.25"]
[SourceQuality "1"]
[WhiteTeam "Jaime Casas"]
[BlackTeam "Agrupacion"]
[WhiteTeamCountry "ESP"]
[BlackTeamCountry "ESP"]

1. e4 c6 2. d4 d5 3. e5 a6 4. Bd3 c5 5. c3 Nc6 6. Ne2 Bg4 7. f3 Bd7 8. Be3 cxd4 9. cxd4 Nb4 10. Nbc3 Nxd3+ 11. Qxd3 e6 12. 0-0 Ne7 13. Bg5 Qb6 14. Bxe7 Bxe7 15. a3 0-0 16. f4 f6 17. Qh3 f5 18. Qd3 Rac8 19. Rab1 Rc4 20. Rf3 Rfc8 21. h3 Be8 22. g4 Bg6 23. g5 Bh5 24. Rff1 a5 25. Rfd1 a4 26. Rd2 Qa5 27. Kf2 b5 28. Na2 Bxe2 29. Kxe2 b4 30. b3 Rc3 31. Nxc3 Rxc3 32. Qxc3 bxc3 33. b4 Qb5+ 34. Rd3 Qc4 35. Rc1 Qa2+ 36. Kf3 Qxa3 37. Rcxc3 Qxb4 38. Rc2 Qb1 39. Rdd2 a3 40. Kg3 Qb3+ 41. Kg2 Qe3 0-1

[Event "Aragon-chT Autonomico"]
[Site "Aragon"]
[Date "2007.02.03"]
[Round "2"]
[White "Barcena Laguia, Francisco"]
[Black "Gomez Luesia, Jesus C"]
[Result "0-1"]
[WhiteElo "2181"]
[BlackElo "1991"]
[PlyCount "140"]
[EventDate "2007.01.27"]
[EventType "team"]
[EventRounds "9"]
[EventCountry "ESP"]
[SourceTitle "EXT 2008"]
[Source "ChessBase"]
[SourceDate "2007.11.25"]
[SourceVersion "1"]
[SourceVersionDate "2007.11.25"]
[SourceQuality "1"]
[WhiteTeam "Teruel Ibercaja"]
[BlackTeam "Agrupacion"]
[WhiteTeamCountry "ESP"]
[BlackTeamCountry "ESP"]

1. d4 Nf6 2. Nf3 e6 3. Bf4 b6 4. e3 Bb7 5. Bd3 Be7 6. h3 0-0 7. Nbd2 d5 8. 0-0 Nbd7 9. Ne5 Nxe5 10. dxe5 Ne4 11. Nf3 a5 12. Qe2 Nc5 13. Rfd1 a4 14. a3 Nxd3 15. cxd3 c5 16. Rac1 Qd7 17. e4 dxe4 18. dxe4 Qc6 19. Bg5 Rfe8 20. Bxe7 Rxe7 21. Ng5 Rd7 22. Rxd7 Qxd7 23. Rd1 Qe7 24. Qh5 h6 25. Qxf7+ Qxf7 26. Nxf7 Bxe4 27. Nd6 Bd5 28. f4 g6 29. Kf2 b5 30. g3 b4 31. Nb5 bxa3 32. bxa3 Rb8 33. Nc3 Rb2+ 34. Ke3 Rb3 35. Rc1 Rxa3 36. Kd2 Bc6 37. Rc2 Rb3 38. Ne2 Bf3 39. Nc1 Rb5 40. Nd3 a3 41. Ra2 c4 42. Ne1 Rb3 43. Nc2 Rd3+ 44. Ke1 Rc3 45. Rxa3 Rxc2 46. Rxf3 c3 47. Kd1 Rh2 48. Rxc3 Rxh3 49. Ke2 g5 50. Rc6 Kf7 51. Kf2 g4 52. Kg2 Rh5 53. Rc7+ Kg6 54. Kf2 Rh2+ 55. Kg1 Ra2 56. Rc8 Kf5 57. Rh8 Ke4 58. Rxh6 Kf3 59. Rxe6 Kxg3 60. Kf1 Kf3 61. Ke1 g3 62. Rg6 g2 63. e6 Ra1+ 64. Kd2 g1Q 65. Rxg1 Rxg1 66. f5 Rg2+ 67. Kd3 Re2 68. Kd4 Kf4 69. Kd3 Re3+ 70. Kd4 Re5 0-1

[Event "ESP Autonomico-chT"]
[Site "Spain"]
[Date "2006.02.11"]
[Round "2.12"]
[White "Martin Sanchez, Fernando"]
[Black "Gomez Luesia, Jesus C"]
[Result "0-1"]
[WhiteElo "1927"]
[BlackElo "2198"]
[PlyCount "94"]
[EventDate "2006.02.04"]
[EventType "team"]
[EventRounds "9"]
[EventCountry "ESP"]
[SourceTitle "EXT 2007"]
[Source "ChessBase"]
[SourceDate "2006.11.23"]
[SourceVersion "1"]
[SourceVersionDate "2006.11.23"]
[SourceQuality "1"]

1. Nf3 Nf6 2. d4 e6 3. Bf4 b6 4. e3 Bb7 5. Nbd2 Be7 6. Bd3 c5 7. c3 Nc6 8. a3 Rc8 9. Qe2 0-0 10. e4 cxd4 11. cxd4 Nh5 12. Be3 Qc7 13. 0-0 Nf4 14. Bxf4 Qxf4 15. d5 Ne5 16. Nxe5 Qxe5 17. Nf3 Qf4 18. g3 Qg4 19. dxe6 fxe6 20. Nd4 Qh3 21. Nb3 Rf6 22. f3 Rcf8 23. Rae1 Qh5 24. f4 Qh3 25. Qg2 Qh5 26. Be2 Qf7 27. Bf3 e5 28. Nd2 exf4 29. g4 Bc5+ 30. Kh1 Be3 31. e5 Bxf3 32. Nxf3 Rc6 33. Ng5 Qb3 34. Qe4 Rh6 35. Rd1 Rg6 36. Rd3 Qb5 37. a4 Qc6 38. Qxc6 dxc6 39. Nf3 Rxg4 40. Rd7 a5 41. e6 Re8 42. e7 Rg6 43. Ne5 Re6 44. Rd8 R6xe7 45. Rxe8+ Rxe8 46. Nxc6 Re6 47. Nd8 Rd6 0-1

[Event "Zaragoza IM 5th"]
[Site "Zaragoza"]
[Date "2005.10.10"]
[Round "8"]
[White "Gomez Luesia, Jesus C"]
[Black "Llorente Zaro, Alfonso"]
[Result "0-1"]
[WhiteElo "2196"]
[BlackElo "2357"]
[PlyCount "78"]
[EventDate "2005.10.03"]
[EventType "tourn"]
[EventRounds "9"]
[EventCountry "ESP"]
[EventCategory "4"]
[SourceTitle "EXT 2006"]
[Source "ChessBase"]
[SourceDate "2005.11.24"]
[SourceVersion "1"]
[SourceVersionDate "2005.11.24"]
[SourceQuality "1"]

1. d4 Nf6 2. Bg5 Ne4 3. Bh4 d5 4. f3 Nf6 5. Nc3 c5 6. e4 dxe4 7. Bb5+ Bd7 8. dxc5 Qa5 9. Qe2 Nd5 10. Bxd7+ Nxd7 11. Qb5 Qxb5 12. Nxb5 exf3 13. Nxf3 a6 14. 0-0-0 axb5 15. Rxd5 e6 16. Rhd1 Nf6 17. R5d3 Bxc5 18. Bxf6 gxf6 19. Rc3 b6 20. Nd4 b4 21. Rcd3 0-0-0 22. Nb3 Rxd3 23. cxd3 Rg8 24. g3 Bd6 25. Kd2 Kd7 26. Ke3 f5 27. Rc1 Ra8 28. Ra1 h5 29. d4 h4 30. Kf3 hxg3 31. hxg3 Rh8 32. Rg1 Rh2 33. Rg2 Rxg2 34. Kxg2 Kc6 35. Kf3 Kd5 36. g4 fxg4+ 37. Kxg4 Ke4 38. Kg5 Be7+ 39. Kg4 Bf6 0-1

[Event "Zaragoza IM 5th"]
[Site "Zaragoza"]
[Date "2005.10.07"]
[Round "5"]
[White "Garza Marco, Sergio"]
[Black "Gomez Luesia, Jesus C"]
[Result "1-0"]
[WhiteElo "2372"]
[BlackElo "2196"]
[PlyCount "173"]
[EventDate "2005.10.03"]
[EventType "tourn"]
[EventRounds "9"]
[EventCountry "ESP"]
[EventCategory "4"]
[SourceTitle "EXT 2006"]
[Source "ChessBase"]
[SourceDate "2005.11.24"]
[SourceVersion "1"]
[SourceVersionDate "2005.11.24"]
[SourceQuality "1"]

1. d4 Nf6 2. c4 e6 3. g3 c5 4. d5 e5 5. Nc3 d6 6. Bg2 Be7 7. e4 0-0 8. Nge2 Ne8 9. 0-0 Bg5 10. f4 exf4 11. gxf4 Bh6 12. Qd3 Bg4 13. Qg3 Bxe2 14. Nxe2 Nd7 15. e5 Rb8 16. Nc3 a6 17. Bh3 f5 18. Re1 Qc7 19. e6 Nb6 20. Qd3 g6 21. Kh1 Nc8 22. Be3 b5 23. cxb5 c4 24. Qe2 axb5 25. a4 bxa4 26. Rxa4 Nb6 27. Ra5 Nc8 28. Rea1 Nf6 29. Bg2 Ng4 30. Bd4 Bxf4 31. Ra7 Nxa7 32. Rxa7 Rb7 33. Rxb7 Qxb7 34. e7 Be5 35. exf8R+ Kxf8 36. Bg1 Qa6 37. h3 Nf6 38. Bf3 Qa1 39. Qd2 Qf1 40. Bg2 Qa1 41. Bf3 Qf1 42. Qg2 Qc1 43. Qf2 Qh6 44. Kg2 Qg5+ 45. Kf1 Qc1+ 46. Nd1 Qh6 47. h4 Qc1 48. Kg2 Qf4 49. Kf1 Ne4 50. Bxe4 Qxe4 51. Nc3 Qd3+ 52. Kg2 Bxc3 53. bxc3 Qxd5+ 54. Qf3 Qd2+ 55. Bf2 d5 56. Kg3 Kf7 57. Bd4 Qe1+ 58. Qf2 Qe4 59. Qf4 Qe1+ 60. Kg2 Qe2+ 61. Kh3 Qd3+ 62. Kh2 Qe2+ 63. Bf2 Qe7 64. Qd4 Qc7+ 65. Bg3 Qb7 66. Kh3 Qd7 67. Kg2 Qe6 68. Be5 h6 69. Qa7+ Ke8 70. Qb8+ Ke7 71. Qc7+ Ke8 72. Kf3 f4 73. Qb8+ Ke7 74. Qa7+ Ke8 75. Bxf4 Qh3+ 76. Bg3 Qf5+ 77. Kg2 Qc2+ 78. Kh3 Qxc3 79. Qa8+ Ke7 80. Qb7+ Kf6 81. Qc6+ Kg7 82. Qd7+ Kf6 83. Qxd5 Qd3 84. Qxd3 cxd3 85. Be1 Kf5 86. Bd2 g5 87. h5 1-0

[Event "Zaragoza IM 5th"]
[Site "Zaragoza"]
[Date "2005.10.05"]
[Round "3"]
[White "Gomez Luesia, Jesus C"]
[Black "Rios Parra, Alejandro"]
[Result "0-1"]
[WhiteElo "2196"]
[BlackElo "2288"]
[PlyCount "129"]
[EventDate "2005.10.03"]
[EventType "tourn"]
[EventRounds "9"]
[EventCountry "ESP"]
[EventCategory "4"]
[SourceTitle "EXT 2006"]
[Source "ChessBase"]
[SourceDate "2005.11.24"]
[SourceVersion "1"]
[SourceVersionDate "2005.11.24"]
[SourceQuality "1"]

1. b3 e5 2. Bb2 d6 3. d4 Nd7 4. Nf3 f6 5. g3 Nh6 6. Bg2 Be7 7. 0-0 0-0 8. c4 Nf7 9. Qc2 Re8 10. Rd1 Bf8 11. Nc3 c6 12. e4 g6 13. Re1 Ng5 14. d5 Nxf3+ 15. Bxf3 c5 16. Kh1 a6 17. Rg1 Bh6 18. Bc1 Bxc1 19. Raxc1 Nf8 20. Be2 b6 21. Bd3 Ra7 22. f3 Ree7 23. Rcf1 Rg7 24. Qe2 h5 25. Nd1 Rh7 26. Ne3 h4 27. Qf2 Bh3 28. Re1 hxg3 29. Rxg3 g5 30. Bf1 Bc8 31. Nf5 Ng6 32. Bh3 Nf4 33. Qf1 Nxh3 34. Rxh3 Bxf5 35. exf5 Rxh3 36. Qxh3 Rh7 37. Qg2 Qd7 38. f4 Qxf5 39. fxe5 fxe5 40. Rf1 Qg6 41. Qg4 Rf7 42. Rxf7 Kxf7 43. Qd7+ Kg8 44. Qd8+ Kg7 45. Qxb6 Qf6 46. Kg2 e4 47. Qc7+ Kg6 48. Qd7 Qb2+ 49. Kh3 Qc3+ 50. Kg2 Qd2+ 51. Kg1 Qe1+ 52. Kg2 Qe2+ 53. Kg1 Qe3+ 54. Kg2 Qf3+ 55. Kg1 e3 56. Qe8+ Kf5 57. Qe6+ Kf4 58. Qxd6+ Ke4 59. Qg6+ Kd4 60. Qc2 e2 61. Qd2+ Ke4 62. Qe1 Qe3+ 63. Kg2 Kd3 64. h3 Qe4+ 65. Kf2 0-1

[Event "Zaragoza IM 5th"]
[Site "Zaragoza"]
[Date "2005.10.04"]
[Round "2"]
[White "Romon Poves, Raul"]
[Black "Gomez Luesia, Jesus C"]
[Result "1-0"]
[WhiteElo "2209"]
[BlackElo "2196"]
[PlyCount "79"]
[EventDate "2005.10.03"]
[EventType "tourn"]
[EventRounds "9"]
[EventCountry "ESP"]
[EventCategory "4"]
[SourceTitle "EXT 2006"]
[Source "ChessBase"]
[SourceDate "2005.11.24"]
[SourceVersion "1"]
[SourceVersionDate "2005.11.24"]
[SourceQuality "1"]

1. d4 Nf6 2. c4 e6 3. Nc3 Bb4 4. f3 d5 5. a3 Bxc3+ 6. bxc3 c5 7. cxd5 exd5 8. e3 0-0 9. Ne2 Nc6 10. g4 cxd4 11. cxd4 Re8 12. Bg2 Be6 13. 0-0 Rc8 14. Nf4 Na5 15. g5 Nd7 16. e4 Nf8 17. e5 Nc4 18. Nh5 Bf5 19. Ng3 Qd7 20. Nxf5 Qxf5 21. f4 Red8 22. Bf3 Ne6 23. Bg4 Qe4 24. Re1 Qxd4+ 25. Qxd4 Nxd4 26. Bxc8 Nf3+ 27. Kf2 Nxe1 28. Bf5 g6 29. Bb1 Rc8 30. Kxe1 Nxe5 31. Bb2 Nf3+ 32. Kf2 Nxh2 33. Bd3 Ng4+ 34. Kf3 h5 35. gxh6 Nxh6 36. Rh1 Kh7 37. Bf6 Rc6 38. Bg5 Rc3 39. Ke3 Rxa3 40. Bxh6 1-0

[Event "Autonomico-ch"]
[Site "Aragon"]
[Date "2005.??.??"]
[Round "9"]
[White "Gomez Luesia, Jesus C"]
[Black "Ramon Perez, Jose Luis"]
[Result "1/2-1/2"]
[WhiteElo "2207"]
[BlackElo "2235"]
[PlyCount "34"]
[EventDate "2005.??.??"]
[EventType "swiss"]
[EventRounds "9"]
[EventCountry "ESP"]
[SourceTitle "EXT 2009"]
[Source "ChessBase"]
[SourceDate "2008.11.26"]
[SourceVersion "1"]
[SourceVersionDate "2008.11.26"]
[SourceQuality "1"]

1. d4 Nf6 2. c4 g6 3. Nc3 Bg7 4. e4 d6 5. f4 0-0 6. Bd3 Na6 7. Nf3 e5 8. dxe5 dxe5 9. Nxe5 Nc5 10. Bc2 Qxd1+ 11. Kxd1 Ng4 12. Nxg4 Bxg4+ 13. Ke1 Bxc3+ 14. bxc3 Rfe8 15. e5 Rad8 16. Kf2 f6 17. Be3 Nd3+ 1/2-1/2

[Event "ESP Delicias op"]
[Site "Spain"]
[Date "2004.09.15"]
[Round "5"]
[White "Argueso Palomino, Manuel"]
[Black "Gomez Luesia, Jesus C"]
[Result "0-1"]
[WhiteElo "2034"]
[BlackElo "2219"]
[PlyCount "80"]
[EventDate "2004.09.12"]
[EventType "swiss"]
[EventRounds "9"]
[EventCountry "ESP"]
[SourceTitle "EXT 2006"]
[Source "ChessBase"]
[SourceDate "2005.11.24"]
[SourceVersion "1"]
[SourceVersionDate "2005.11.24"]
[SourceQuality "1"]

1. d4 Nf6 2. Nf3 g6 3. e3 Bg7 4. Bd3 d6 5. 0-0 0-0 6. Nbd2 c6 7. e4 Qc7 8. b3 Nbd7 9. Bb2 Nh5 10. c3 Nf4 11. Nc4 b5 12. Ne3 Rb8 13. Qd2 e5 14. Rac1 Qa5 15. Bb1 Re8 16. Rfe1 a6 17. d5 c5 18. b4 Qb6 19. c4 cxb4 20. Qxb4 Nc5 21. Qd2 b4 22. g3 Nh3+ 23. Kg2 Bh6 24. Ng1 Nxg1 25. Kxg1 a5 26. Qe2 a4 27. Rcd1 Bd7 28. Ng4 Bxg4 29. Qxg4 a3 30. Bc1 Bxc1 31. Rxc1 b3 32. Qf3 bxa2 33. Bxa2 Qb2 34. Rc3 Qxa2 35. Rxa3 Qxc4 36. Ra7 Rb7 37. Rea1 Qb3 38. Qg4 Rxa7 39. Rxa7 Qb1+ 40. Kg2 Qxe4+ 0-1

[Event "ESP Delicias op"]
[Site "Spain"]
[Date "2004.09.13"]
[Round "3"]
[White "Pellicer Coloma, Pedro"]
[Black "Gomez Luesia, Jesus C"]
[Result "1/2-1/2"]
[WhiteElo "2050"]
[BlackElo "2219"]
[PlyCount "67"]
[EventDate "2004.09.12"]
[EventType "swiss"]
[EventRounds "9"]
[EventCountry "ESP"]
[SourceTitle "EXT 2006"]
[Source "ChessBase"]
[SourceDate "2005.11.24"]
[SourceVersion "1"]
[SourceVersionDate "2005.11.24"]
[SourceQuality "1"]

1. d4 Nf6 2. Nf3 d5 3. e3 e6 4. Bd3 c5 5. c3 Be7 6. Ne5 0-0 7. Nd2 b6 8. 0-0 Ba6 9. Bxa6 Nxa6 10. f4 Nc7 11. Rf3 Nce8 12. Rh3 Nd6 13. g4 Nfe4 14. g5 g6 15. Qg4 Kg7 16. Ndf3 Rc8 17. b3 cxd4 18. Nxd4 Qe8 19. Bb2 h5 20. gxh6+ Kh7 21. Rf1 Rg8 22. Nef3 Nf5 23. Ng5+ Bxg5 24. fxg5 Qd8 25. Nxf5 gxf5 26. Rxf5 Rxg5 27. Rxf7+ Kh8 28. c4+ d4 29. Rg3 Rxg4 30. Rxg4 Ng5 31. Bxd4+ Qxd4 32. exd4 Nxf7 33. Rg2 Rg8 34. Kf2 1/2-1/2

[Event "Aragon-chT"]
[Site "Spain"]
[Date "2004.??.??"]
[Round "?"]
[White "Gomez Luesia, Jesus C"]
[Black "Ramiro Ovejero, Juan Luis"]
[Result "0-1"]
[WhiteElo "2234"]
[BlackElo "2265"]
[PlyCount "116"]
[EventDate "2004.01.??"]
[EventType "team"]
[EventRounds "11"]
[EventCountry "ESP"]
[SourceTitle "EXT 2006"]
[Source "ChessBase"]
[SourceDate "2005.11.24"]
[SourceVersion "1"]
[SourceVersionDate "2005.11.24"]
[SourceQuality "1"]

1. d4 d5 2. c4 Nc6 3. cxd5 Qxd5 4. e3 e5 5. Nc3 Bb4 6. Bd2 Bxc3 7. bxc3 Nf6 8. Qc2 0-0 9. c4 Qd6 10. d5 Ne7 11. e4 Nd7 12. Bd3 Nc5 13. Ne2 f5 14. 0-0 fxe4 15. Bxe4 Nxe4 16. Qxe4 Bf5 17. Qe3 c6 18. Bc3 cxd5 19. Bxe5 Qe6 20. Nd4 Qf7 21. c5 Nc6 22. Nxf5 Qxf5 23. Bd6 Rf6 24. Rad1 d4 25. Qb3+ Rf7 26. Rd3 Re8 27. Qd1 Qe4 28. Rb3 h6 29. Qh5 Qe2 30. f3 d3 31. Qd5 Qxa2 32. Rxd3 Qxd5 33. Rxd5 Rd7 34. Rdd1 Red8 35. Rc1 Nd4 36. Rc4 Nf5 37. Bf4 Rd4 38. Rfc1 Kf7 39. R1c2 Rxc4 40. Rxc4 Rd4 41. Rxd4 Nxd4 42. Be3 Nc6 43. Kf2 Ke6 44. Ke2 Kd5 45. Kd3 a6 46. Kc3 h5 47. Bf2 g6 48. Be3 Ne5 49. f4 Ng4 50. Bg1 Nf6 51. g3 a5 52. Kb3 Ne4 53. Ka4 Nxc5+ 54. Kxa5 Nd7 55. Kb4 Ke4 56. Bf2 Kf3 57. Bd4 Kg2 58. Kc4 Kxh2 0-1

[Event "Aragon-chT"]
[Site "Spain"]
[Date "2004.??.??"]
[Round "?"]
[White "Lopez Alaya, Carlos"]
[Black "Gomez Luesia, Jesus C"]
[Result "0-1"]
[WhiteElo "1949"]
[BlackElo "2234"]
[PlyCount "74"]
[EventDate "2004.01.??"]
[EventType "team"]
[EventRounds "11"]
[EventCountry "ESP"]
[SourceTitle "EXT 2006"]
[Source "ChessBase"]
[SourceDate "2005.11.24"]
[SourceVersion "1"]
[SourceVersionDate "2005.11.24"]
[SourceQuality "1"]

1. e4 e6 2. d4 d5 3. e5 c5 4. c3 Qb6 5. Nf3 Bd7 6. Be2 Bb5 7. c4 Bxc4 8. Bxc4 Qb4+ 9. Nc3 Qxc4 10. Be3 Nc6 11. Rc1 cxd4 12. Bxd4 Nh6 13. b3 Qa6 14. Ne2 Bb4+ 15. Kf1 0-0 16. g3 Rac8 17. Kg2 Ba3 18. Rc3 Nf5 19. g4 Nfxd4 20. Nexd4 Nxd4 21. Rxc8 Rxc8 22. Qxd4 Rc2 23. Qf4 Bc5 24. Rf1 h6 25. g5 Qxa2 26. Qh4 Be7 27. Qh5 Bxg5 28. Nxg5 hxg5 29. Qxg5 Rc8 30. Qe3 Qc2 31. Qxa7 Qxb3 32. Qa5 Qc3 33. Qb5 Qc6 34. Qd3 Qc4 35. Qg3 b5 36. h4 b4 37. Kh2 Qxf1 0-1

[Event "Aragon Once op 1st"]
[Site "Zaragoza"]
[Date "2003.09.24"]
[Round "5.4"]
[White "Trigo Conde, Isaac"]
[Black "Gomez Luesia, Jesus C"]
[Result "1-0"]
[WhiteElo "2193"]
[BlackElo "2218"]
[PlyCount "131"]
[EventDate "2003.09.20"]
[EventType "swiss"]
[EventRounds "8"]
[EventCountry "ESP"]
[SourceTitle "EXT 2004"]
[Source "ChessBase"]
[SourceDate "2003.11.25"]
[SourceVersion "1"]
[SourceVersionDate "2003.11.25"]
[SourceQuality "1"]

1. e4 e6 2. d4 d5 3. e5 c5 4. c3 Qb6 5. Nf3 Bd7 6. a3 c4 7. Be2 Nc6 8. Nbd2 Na5 9. 0-0 Ne7 10. Rb1 Nb3 11. Nxb3 Ba4 12. Bf4 Nc6 13. Qd2 Bxb3 14. h4 Na5 15. h5 h6 16. Bg3 Be7 17. Bh4 Qd8 18. Bxe7 Qxe7 19. g3 0-0-0 20. Kg2 Rdg8 21. Rh1 Kb8 22. Rbf1 Ka8 23. Nh2 a6 24. Ng4 Ba4 25. f4 f5 26. Ne3 g5 27. hxg6 Rxg6 28. Bh5 Rg7 29. Rh3 Be8 30. Rfh1 Bg6 31. Bf3 Rgh7 32. Qe2 Qf7 33. Rh4 Ka7 34. Kf2 Qd7 35. g4 fxg4 36. Nxg4 Bd3 37. Qd2 Rg7 38. Rxh6 Rxh6 39. Rxh6 Bf5 40. Nf6 Qb5 41. Rh2 Rg6 42. Rg2 Rh6 43. Bg4 Bxg4 44. Nxg4 Rh1 45. Rg1 Rh3 46. Kg2 Rd3 47. Qe2 Nb3 48. Rd1 Rxd1 49. Qxd1 Qe8 50. Nf2 Qf7 51. Qg4 Nc1 52. Qg5 Qh7 53. f5 Nd3 54. fxe6 Nxf2 55. Kxf2 Qh2+ 56. Kf3 Qh3+ 57. Kf4 Qxe6 58. Qf6 Qh3 59. e6 Qh2+ 60. Kf5 Qh3+ 61. Ke5 Qh5+ 62. Kd6 Qe8 63. Kxd5 Qc6+ 64. Ke5 Qb5+ 65. Kf4 Qxb2 66. e7 1-0

[Event "Aragon-chT"]
[Site "Aragon"]
[Date "2003.02.22"]
[Round "5"]
[White "Malo Guillen, Jose Luis"]
[Black "Gomez Luesia, Jesus C"]
[Result "0-1"]
[WhiteElo "2214"]
[BlackElo "2206"]
[PlyCount "104"]
[EventDate "2003.02.??"]
[EventType "team"]
[EventRounds "9"]
[EventCountry "ESP"]
[SourceTitle "EXT 2004"]
[Source "ChessBase"]
[SourceDate "2003.11.25"]
[SourceVersion "1"]
[SourceVersionDate "2003.11.25"]
[SourceQuality "1"]

1. d4 Nf6 2. c4 e6 3. g3 c5 4. Nf3 d5 5. Bg2 Nc6 6. 0-0 cxd4 7. Nxd4 Bc5 8. Nb3 Be7 9. Bd2 dxc4 10. Bxc6+ bxc6 11. Na5 Qd5 12. Qa4 Bd7 13. Nxc4 c5 14. Qa6 0-0 15. Nc3 Qh5 16. f3 Rfc8 17. e4 Be8 18. Bf4 g5 19. g4 Qg6 20. Bg3 Nd7 21. Rad1 Nf8 22. Bd6 Bf6 23. Rd3 Bd4+ 24. Kg2 Qg7 25. Nb5 Bxb5 26. Qxb5 Ng6 27. Bg3 e5 28. Rb3 Qf8 29. Qa6 Rcb8 30. Rxb8 Rxb8 31. b3 Qd8 32. Rd1 Qe7 33. Rd2 Rd8 34. Qa5 Rd7 35. Qb5 Rb7 36. Qc6 Rd7 37. Nxe5 Rd8 38. Nc4 f6 39. Rd3 Ne5 40. Bxe5 fxe5 41. Qh6 Kh8 42. h4 gxh4 43. Kh3 Rd7 44. Qxh4 Qxh4+ 45. Kxh4 Bf2+ 46. Kg5 Rxd3 47. Nxe5 Rd2 48. Nc4 Rxa2 49. e5 Kg7 50. e6 Kf8 51. f4 Ke7 52. f5 Bd4 0-1

[Event "Zaragoza Alvar Memorial"]
[Site "Zaragoza"]
[Date "2003.??.??"]
[Round "1"]
[White "Gomez Luesia, Jesus C"]
[Black "Gavin Roche, Enrique"]
[Result "0-1"]
[WhiteElo "2218"]
[BlackElo "2235"]
[PlyCount "84"]
[EventDate "2003.11.19"]
[EventType "k.o."]
[EventRounds "6"]
[EventCountry "ESP"]
[SourceTitle "EXT 2022"]
[Source "ChessBase"]
[SourceDate "2021.10.06"]
[SourceVersion "1"]
[SourceVersionDate "2021.10.06"]
[SourceQuality "1"]

1. d4 d5 2. Bg5 c6 3. e3 Qb6 4. Qc1 Bf5 5. Nd2 Nd7 6. Ngf3 e6 7. Be2 h6 8. Bh4 Ngf6 9. 0-0 Bd6 10. c4 c5 11. cxd5 exd5 12. dxc5 Bxc5 13. Nb3 Be7 14. Nfd4 Be4 15. Bb5 a6 16. Bxd7+ Nxd7 17. Bxe7 Kxe7 18. Qd1 Nf6 19. Qd2 Rhc8 20. a4 Rc4 21. Rfc1 Rac8 22. a5 Qd6 23. f3 Bg6 24. g4 Kf8 25. Nf5 Bxf5 26. gxf5 Kg8 27. Nd4 Nd7 28. Rd1 Ne5 29. Qg2 Nc6 30. Nxc6 Qxc6 31. Kh1 Rc2 32. Qg3 Rxb2 33. Rg1 Qf6 34. Rab1 Rxb1 35. Rxb1 Qxf5 36. Rxb7 Rc1+ 37. Kg2 Rc2+ 38. Kg1 Qd3 39. Qe1 g6 40. Rb8+ Kh7 41. Rb7 Re2 42. Rxf7+ Kg8 0-1